000 00623nam a22002057a 4500
999 _c16874
_d16874
003 AR-CdUCM
008 190506b ||||| |||| 00| 0 sp d
040 _aMUNICIPALIDAD PROVINCIAL DEL CUSCO
_cBIBLIOTECA MUNICIPAL DEL CUSCO
082 _a325.3 /
_bC70
100 _aMarx, Carlos
_92702
245 _aEl colonialismo /
260 _aMexico :
_bGrijalbo,
_c1970.
300 _a155 páginas ;
_c19 cm.
505 _aLa expansión colonial en Asia e Irlanda -- Fragmentos de la Capital --
650 _aMarx.
_94291
650 _aColonialismo.
_98132
650 _aIrlanda.
_93700
942 _2ddc
_cLIBROS
945 _awfj